000
00304nam a2200133Ia 4500
008
240624s9999 xx 000 0 und d
041
_a
eng
082
_a
823 STO
100
_a
STOVALL JIM
245
_a
LAMP
260
_c
2006
_a
Mumbai
_b
Embassy Books
300
_a
103 : p. : cm. ; 20
365
_c
RS
_b
25
999
_c
22294
_d
22294